00397cam a2200157ua 45000010005000000080039000050400009000440820013000531000019000662450041000852500009001262600036001353000017001716530027001886530024002154173111219n ii |||gr||||Z||||||asm cMAIN a891.45131 aSaikia, Nagen,11aAndharat nizar mukhcby Nagen Saikia a1st. aGuwahati:bSahitya Prakash,991. a186p:c23cm. aAssamese short stories aAndharat nizar mukh